000 00296nam a2200097Ia 4500
005 20250424112849.0
008 250424s9999 xx 000 0 und d
300 _aix, 174 p. : ill. ; 29 cm.
650 _aBiology--Nigeria--Periodicals. Biodiversity conservation--Nigeria--Periodicals.
942 _cSR
999 _c37574
_d37574